| 000 | 00497nam a2200181 4500 | ||
|---|---|---|---|
| 003 | SEACOMMC | ||
| 005 | 20250506115143.0 | ||
| 008 | 250228b |||||||| |||| 00| 0 eng d | ||
| 020 |
_a978-0-07-066029-8 _cRs.395.00 |
||
| 040 | _aSEACOMMC | ||
| 082 |
_a519.502 4658 _bS 774 |
||
| 100 | _aT.N. Srivastava | ||
| 245 | 1 |
_aStatistics for Management / _cT.N. Srivastava & Shailaja Rego |
|
| 250 | _a4th ed. | ||
| 260 |
_a New Delhi _bTata McGraw Hill _c 2008 |
||
| 650 | _aMathematics | ||
| 942 | _cBOOK | ||
| 999 |
_c1114 _d1114 |
||